000 01079nam a22002297a 4500
999 _c8515
_d8515
003 GBCCL
005 20241126110652.0
008 210311b ||||| |||| 00| 0 eng d
020 _a9781596386433 (pbk.)
020 _a9781596386440 (ePub)
040 _cgbc
082 _a234
_bBAR
100 _aBarrett, Matthew,
_d1982-
_914974
245 _aSalvation by grace :
_bthe case for effectual calling and regeneration /
_cMatthew Barrett.
260 _aPhillipsburg, New Jersey :
_bP & R Publishing,
_c[2013]
300 _axxix, 388 pages ;
_b23 cm
505 _aThe contemporary debate -- Monergism in the Calvinist tradition -- Total depravity and the bondage of the will -- The scriptural affirmation of effectual calling -- The scriptural affirmation of monergistic regeneration -- Arminian synergism in theological perspective -- The inadequacy of Arminian synergism -- The failure of recent attempts at a middle way.
650 _aSalvation -- Christianity.
_913195
650 _aGrace (Theology)
_92990
650 _aRegeneration (Theology)
_9451
942 _2ddc
_cBK
_02